000 00456nam a2200181Ia 4500
005 20250423101622.0
008 250422s9999 xx 000 0 und d
020 _a978-0-230-29883-5
050 _aJN 30 .M38/
100 _aMcCormick, John, 1954-
245 0 _aUnderstanding the European Union : a concise introduction
250 _a5th ed.
260 _aLondon
260 _bPalgrave Macmillan
260 _c2008
300 _a247 p
942 _cBK
999 _c36772
_d36772